| 000 | 00512nam a22001457a 4500 | ||
|---|---|---|---|
| 082 |
_a625.85 _bINT |
||
| 100 |
_aUniversity of Michigan _943959 |
||
| 245 |
_aInternaltional conference on the structural design of asphalt pavement/ _cUniversity of Michigan |
||
| 260 |
_aUSA: _bDepartment of civil engineering university of Michign, _c1962. |
||
| 300 |
_a785p.: _bill,; _c20 cm. |
||
| 526 |
_a0 _b0 _c0 _d625_850000000000000_INT |
||
| 526 |
_a0 _b0 _c0 _d625_850000000000000_INT |
||
| 650 |
_aMCE _9379 |
||
| 942 |
_2ddc _cBK |
||
| 999 |
_c547824 _d547824 |
||